| Tag |
First Indicator |
Second Indicator |
Subfields |
| LEADER |
00000cam a2200000Ii 4500 |
| 001 |
in00004667402 |
| 006 |
m o d |
| 007 |
cr unu|||||||| |
| 008 |
150924s2014 gw a o 000 0 ger d |
| 005 |
20260128181054.1 |
| 020 |
|
|
|z 9783826696909
|
| 035 |
|
|
|a (OCoLC)922007516
|
| 037 |
|
|
|a CL0500000649
|b Safari Books Online
|
| 040 |
|
|
|a UMI
|b eng
|e rda
|e pn
|c UMI
|d OCLCO
|d OCLCF
|d OCLCO
|d OCLCQ
|
| 049 |
|
|
|a TXAM
|
| 050 |
|
4 |
|a QA76.9.D343
|
| 100 |
1 |
|
|a Bachmann, Ronald,
|e author.
|
| 245 |
1 |
0 |
|a Big Data--Fluch oder Segen? :
|b Unternehmen im Spiegel gesellschaftlichen Wandels /
|c Ronald Bachmann, Guido Kemper und Thomas Gerzer.
|
| 250 |
|
|
|a 1. Auflage.
|
| 264 |
|
1 |
|a Heidelberg :
|b mitp,
|c 2014.
|
| 300 |
|
|
|a 1 online resource (1 volume) :
|b illustrations
|
| 336 |
|
|
|a text
|b txt
|2 rdacontent
|
| 337 |
|
|
|a computer
|b c
|2 rdamedia
|
| 338 |
|
|
|a online resource
|b cr
|2 rdacarrier
|
| 588 |
|
|
|a Description based on online resource; title from title page (Safari, viewed September 21, 2015).
|
| 650 |
|
0 |
|a Big data.
|
| 650 |
|
0 |
|a Knowledge management.
|
| 650 |
|
0 |
|a Industrial management
|x Data processing.
|
| 650 |
|
0 |
|a Information technology.
|
| 650 |
|
2 |
|a Knowledge Management
|
| 650 |
|
6 |
|a Données volumineuses.
|
| 650 |
|
6 |
|a Gestion des connaissances.
|
| 650 |
|
6 |
|a Gestion
|x Informatique.
|
| 650 |
|
6 |
|a Technologie de l'information.
|
| 650 |
|
7 |
|a information technology.
|2 aat
|
| 650 |
|
7 |
|a Big data.
|2 fast
|0 (OCoLC)fst01892965
|
| 650 |
|
7 |
|a Industrial management
|x Data processing.
|2 fast
|0 (OCoLC)fst00971260
|
| 650 |
|
7 |
|a Information technology.
|2 fast
|0 (OCoLC)fst00973089
|
| 650 |
|
7 |
|a Knowledge management.
|2 fast
|0 (OCoLC)fst00988184
|
| 700 |
1 |
|
|a Kemper, Guido,
|e author.
|
| 700 |
1 |
|
|a Gerzer, Thomas,
|e author.
|
| 856 |
4 |
0 |
|u https://proxy.library.tamu.edu/login?url=https://go.oreilly.com/TAMU/library/view/-/9783826696909/?ar
|z Connect to the full text of this electronic book
|t 0
|
| 955 |
|
|
|a Safari/O'Reilly ebooks
|
| 994 |
|
|
|a 92
|b TXA
|
| 999 |
f |
f |
|s fb0ca4fa-987f-4281-ae47-de9da370502d
|i 9c3934bf-5cff-4236-a766-f34a3faab0e1
|t 0
|
| 952 |
f |
f |
|a Texas A&M University
|b College Station
|c Electronic Resources
|s www_evans
|d Available Online
|t 0
|e QA76.9.D343
|h Library of Congress classification
|
| 998 |
f |
f |
|a QA76.9.D343
|t 0
|l Available Online
|